Rennes - Tous les joueurs à plus de 100 matchs - Statistiques

Statistiques générales
  • Ce quiz a été pris 567 fois
    368 depuis la dernière actualisation
  • Le résultat moyen est 9 sur 31
Statistiques - réponses
P Joueurs Matchs % Correct
M Benjamin Bourigeaud 266
94%
D Romain Danzé 376
78%
G Benoit Costil 255
74%
A Martin Terrier 106
73%
D Hamari Traoré 239
65%
M Benjamin André 184
60%
D Adrien Truffert 113
57%
D Damien Da Silva 118
38%
D Mexer 143
34%
D Sylvain Armand 121
34%
M Yoann Gourcuff 133
33%
M Flavien Tait 129
29%
M Adrien Hunou 160
25%
M Julien Féret 111
25%
G Nicolas Douchez 129
25%
A Jonathan Pitroipa 112
23%
M Yann M'Vila 150
19%
D Joris Gnagnon 110
16%
M James Léa Siliki 113
14%
D Jean Armel Kana Biyik 138
14%
M Romain Del Castillo 105
13%
D Kader Mangane 127
12%
M Gelson Fernandes 100
11%
M Jérome Leroy 152
11%
M Vincent Pajot 103
11%
M Fabien Lemoine 121
10%
A Jirès Kembo Ekoko 141
10%
D Rod Fanni 134
10%
D Kévin Théophile Catherine 117
9%
D John Boye 105
8%
M Sylvain Marveaux 120
5%
Aucun quiz correspondant
Distribution des résultats
% des personnes avec chaque résultat
Percentile par nombre de réponses
Votre historique - résultats
Vous n’avez pas pris ce quiz depuis la dernière actualisation